000 00494nam a22001697a 4500
999 _c264087
_d264086
003 OSt
005 20240722121938.0
008 240722b xxu||||| |||| 00| 0 eng d
010 _a93080334
020 _a0307127923
040 _cDLC
050 _a PZ7.H8243
_b Di 1994
100 _aHover, M.
245 _aDisney's the lion king / |
_cadapted by Margo Hover ; drawn by Judy Barnes ; painted by Robbin Cuddy.
260 _aRacine, Wis. :
_b Western Pub. Co.,
_c c1994.
942 _2lcc
_cBK